Spaceover enhances its mortgage and insurance appeal (Record no. 76291)
[ view plain ]
| 000 -LEADER | |
|---|---|
| fixed length control field | 01144cab a2200193 4500 |
| 001 - CONTROL NUMBER | |
| control field | ##L131910 |
| 008 - FIXED-LENGTH DATA ELEMENTS--GENERAL INFORMATION | |
| fixed length control field | 051215n2005 000 0 eng u |
| 035 ## - SYSTEM CONTROL NUMBER | |
| System control number | (Sirsi) u131910 |
| 041 0# - LANGUAGE CODE | |
| Language code of text/sound track or separate title | eng |
| 110 2# - MAIN ENTRY--CORPORATE NAME | |
| Corporate name or jurisdiction name as entry element | Building Research Establishment |
| 245 00 - TITLE STATEMENT | |
| Title | Spaceover enhances its mortgage and insurance appeal |
| 260 ## - PUBLICATION, DISTRIBUTION, ETC. | |
| Date of publication, distribution, etc. | 2005 |
| 490 #0 - SERIES STATEMENT | |
| Series statement | BRE News Release |
| Volume/sequential designation | 9 December 2005 |
| 520 ## - SUMMARY, ETC. | |
| Summary, etc. | BRE Certification has issued technical approval for the modular Spaceover Building System, confirming that it achieves consistently low levels of sound and heat transmittance, high fire resistance and excellent weather tightness and durability. On the strength of this approval, mortgage lenders and insurers are now prepared to allow homebuyers to purchase Spaceover apartments and houses. The approval covers Spaceover structures up to four stories in height. |
| 590 ## - LOCAL NOTE (RLIN) | |
| Local note | IKA030106 |
| 690 ## - LOCAL SUBJECT ADDED ENTRY--TOPICAL TERM (OCLC, RLIN) | |
| Topical term or geographic name as entry element | PROPERTY-RESIDENTIAL PROPERTY-RESIDENTIAL PROPERTY FINANCE AND INVESTMENT-MORTGAGING RESIDENTIAL PROPERTY-MORTGAGE VALUATION |
| 856 41 - ELECTRONIC LOCATION AND ACCESS | |
| Uniform Resource Identifier | <a href="https://www.bre.co.uk/newsdetails.jsp?id=353">https://www.bre.co.uk/newsdetails.jsp?id=353</a> |
| Public note | View the item free of charge at www.bre.co.uk... |
| 942 ## - ADDED ENTRY ELEMENTS (KOHA) | |
| Suppress in OPAC | 0 |
| Withdrawn status | Lost status | Source of classification or shelving scheme | Damaged status | Not for loan | Home library | Current library | Shelving location | Date acquired | Total Checkouts | Full call number | Barcode | Date last seen | Copy number | Price effective from | Koha item type |
|---|---|---|---|---|---|---|---|---|---|---|---|---|---|---|---|
| Dewey Decimal Classification | Virtual | Virtual | Online | 15/12/2005 | ONLINE PUBLICATION | 131910-1001 | 06/08/2019 | 1 | 06/08/2019 | Journal article |